|
|
|
|
| LEADER |
00000nab a2200000ua 4500 |
| 001 |
vtls010804972 |
| 003 |
SK-MaSNL |
| 005 |
20260303191056.0 |
| 008 |
230218s1993 xo |||||||||||||||||eng| |
| 035 |
|
|
|a (urnnbn)urn:nbn:sk:snk:ar-a05si2
|
| 035 |
|
|
|a (uuid)5b12c037-a454-4e55-b93e-3f5488d90f8e
|
| 035 |
|
|
|a urn:nbn:sk:snk-ab4uz7
|
| 040 |
|
|
|a SNKBUCL
|b slo
|c SNKBUCL
|e AACR2
|
| 041 |
0 |
|
|a eng
|
| 044 |
|
|
|a xo
|c SK
|
| 100 |
1 |
|
|a Spassky, A. A.
|4 aut
|9 1220108
|
| 245 |
1 |
0 |
|a Concerning the taxonomic status and the species composition of the genera Amoebotaenia and Liga (Cestoda: Dipylidioidea)
|c A. A. Spassky
|
| 773 |
0 |
|
|t Helminthologia
|g Roč. 30, č. 1-2 (1993), s. 79-83
|
| 958 |
|
|
|a OND
|
| 958 |
|
|
|a EUIPO
|
| 958 |
|
|
|a article3
|
| 999 |
|
|
|c 2139341
|d 2141271
|